000
00331nam a2200133Ia 4500
008
191201s2009 xx 000 0 und d
082
_a
005.133
_b
PRP
100
_a
Pratt, Terrence W
245
0
_a
Programming Language
260
_a
N.Delhi
_b
Pearson Education
_c
2009
300
_a
590
650
_a
B.Tech(CSE)
942
_2
ddc
_c
BK
_0
37
999
_c
3807
_d
3807